Online katalóg knižníc regiónu Turca

Šelmy (Record no. 22796)

MARC details
000 -LEADER
fixed length control field 01340cam a2200457 a 4500
001 - CONTROL NUMBER
control field 22796
003 - CONTROL NUMBER IDENTIFIER
control field SK-KTurca
005 - DATE AND TIME OF LATEST TRANSACTION
control field 20260428072132.0
008 - FIXED-LENGTH DATA ELEMENTS--GENERAL INFORMATION
fixed length control field 071011s2007 xo oa j d 001 0 slo d
020 ## - INTERNATIONAL STANDARD BOOK NUMBER
International Standard Book Number 9788080891145 (viaz.)
035 ## - SYSTEM CONTROL NUMBER
System control number (VRT)vtls009149831
040 ## - CATALOGING SOURCE
Original cataloging agency POKPOH
Language of cataloging slo
Transcribing agency POKPOH
Modifying agency SNK
Description conventions AACR2
041 1# - LANGUAGE CODE
Language code of text/sound track or separate title slo
Language code of original eng
044 ## - COUNTRY OF PUBLISHING/PRODUCING ENTITY CODE
MARC country code xo
ISO country code SK
072 #7 - SUBJECT CATEGORY CODE
Subject category code 59
Subject category code subdivision Zoológia
Source konspekt
072 #7 - SUBJECT CATEGORY CODE
Subject category code 821-93
Subject category code subdivision Literatúra pre deti a mládež
Source konspekt
080 ## - UNIVERSAL DECIMAL CLASSIFICATION NUMBER
Universal Decimal Classification number (0.062)
Edition identifier 2001
080 ## - UNIVERSAL DECIMAL CLASSIFICATION NUMBER
Universal Decimal Classification number (0.053.2)
Edition identifier 2001
080 ## - UNIVERSAL DECIMAL CLASSIFICATION NUMBER
Universal Decimal Classification number (084.11)
Edition identifier 2001
080 ## - UNIVERSAL DECIMAL CLASSIFICATION NUMBER
Universal Decimal Classification number 599.742
Edition identifier 2001
130 0# - MAIN ENTRY--UNIFORM TITLE
Uniform title Big cats.
Language of a work Slovensky
245 10 - TITLE STATEMENT
Title Šelmy
Remainder of title [život, potrava, mláďatá, lov, súboje
Statement of responsibility, etc. z anglického originálu preložila Tatiana Laliková]
250 ## - EDITION STATEMENT
Edition statement 1. vyd.
260 ## - PUBLICATION, DISTRIBUTION, ETC.
Place of publication, distribution, etc. Bratislava
Name of publisher, distributor, etc. Fragment
Date of publication, distribution, etc. 2007
300 ## - PHYSICAL DESCRIPTION
Extent 48 s.
Other physical details il.
490 1# - SERIES STATEMENT
Series statement Vidím a spoznám
500 ## - GENERAL NOTE
General note Slovníček
504 ## - BIBLIOGRAPHY, ETC. NOTE
Bibliography, etc. note Reg.
521 1# - TARGET AUDIENCE NOTE
Target audience note Pre čitateľov od 9 rokov
650 07 - SUBJECT ADDED ENTRY--TOPICAL TERM
Topical term or geographic name entry element šelmy
Source of heading or term SNKPH
653 ## - INDEX TERM--UNCONTROLLED
Uncontrolled term 599.742
653 ## - INDEX TERM--UNCONTROLLED
Uncontrolled term (0.062)
653 ## - INDEX TERM--UNCONTROLLED
Uncontrolled term (0.053.2)
653 ## - INDEX TERM--UNCONTROLLED
Uncontrolled term (084.11)
655 #7 - INDEX TERM--GENRE/FORM
Genre/form data or focus term publikácie pre deti
Source of term SNKPH
655 #7 - INDEX TERM--GENRE/FORM
Genre/form data or focus term obrazové publikácie
Source of term SNKPH
655 #7 - INDEX TERM--GENRE/FORM
Genre/form data or focus term populárno-náučné publikácie
Source of term SNKPH
700 1# - ADDED ENTRY--PERSONAL NAME
Personal name Laliková, Tatiana,
Dates associated with a name 1954-
Relationship trl
830 #0 - SERIES ADDED ENTRY--UNIFORM TITLE
Uniform title Vidím a spoznám
942 ## - ADDED ENTRY ELEMENTS (KOHA)
Source of classification or shelving scheme Dewey Decimal Classification
Koha item type Odborná literatúra pre deti
Suppress in OPAC No
Holdings
Stav vyradenia Strata Poškodenie Spôsob nadobudnutia Domovská knižnica Aktuálna knižnica Dátum nadobudnutia Total checkouts Čiarový kód exemplára Date last seen Typ exemplára
      Dar Obecná knižnica Turčianska Štiavnička Obecná knižnica Turčianska Štiavnička 28.04.2026   4738001003 28.04.2026 Odborná literatúra pre deti
Projekt je podporený Slovenskou asociáciou knižníc
Prevádzkuje Turčianska knižnica Martin 2026